01042nam a2200265 4500003000900000005001700009008004100026020001500067040003300082041000800115050001900123100005700142245011900199250002200318264009500340300003500435336002200470337002400492338002400516650003900540650005000579710011500629942001500744999001700759MX-MxINE20260530115315.0260501t1994 mx a|||| |||| 00| 0 spa d a968363558X aMX-MxINEbspacMX-MxINEerda aspa aNA2542.35bV45 aVéjar Pérez-Rubio, Carlos, d1943-eautor933427 aY el perro ladra y la luna enfria : bFernando Salinas : diseno, ambiente y esperanza / cCarlos Vejar Perez-Rubio aPrimera edición aMéxico : bUAM, Unidad Azcapotzalco, Division de Ciencias y Artes para el Diseno, c1994 a312 páginas :bilustraciones 2rdacontentatexto 2rdamediaasin medio 2rdacarrieravolumen14aArquitecturaxAspectos ambientales14aConstruccionesxIngeniería ambiental9334291 aUniversidad Autónoma Metropolitana. bUnidad Azcapotzalco. bDivisión de Ciencias y Artes para el Diseño 2lccn1cBK c13535d13535